<?xml version="1.0" encoding="UTF-8"?>
<record
    xmlns:xsi="http://www.w3.org/2001/XMLSchema-instance"
    xsi:schemaLocation="http://www.loc.gov/MARC21/slim http://www.loc.gov/standards/marcxml/schema/MARC21slim.xsd"
    xmlns="http://www.loc.gov/MARC21/slim">

  <leader>     nam a22     7a 4500</leader>
  <datafield tag="999" ind1=" " ind2=" ">
    <subfield code="c">329752</subfield>
    <subfield code="d">329752</subfield>
  </datafield>
  <controlfield tag="003">NUST</controlfield>
  <controlfield tag="005">20170519111527.0</controlfield>
  <controlfield tag="008">170519b        xxu||||| |||| 00| 0 eng d</controlfield>
  <datafield tag="020" ind1=" " ind2=" ">
    <subfield code="a">9788131723265</subfield>
  </datafield>
  <datafield tag="040" ind1=" " ind2=" ">
    <subfield code="c">0</subfield>
  </datafield>
  <datafield tag="082" ind1=" " ind2=" ">
    <subfield code="a">628 MAS</subfield>
  </datafield>
  <datafield tag="100" ind1=" " ind2=" ">
    <subfield code="a">Masters,Gilbert M.</subfield>
    <subfield code="9">1195</subfield>
  </datafield>
  <datafield tag="245" ind1=" " ind2=" ">
    <subfield code="a">Introduction To Environmental Engineering and Science</subfield>
    <subfield code="c">Gilbert M.Masters</subfield>
  </datafield>
  <datafield tag="250" ind1=" " ind2=" ">
    <subfield code="a">3rd ed.</subfield>
  </datafield>
  <datafield tag="260" ind1=" " ind2=" ">
    <subfield code="a">India</subfield>
    <subfield code="b">PEARSON Prentice Hall</subfield>
    <subfield code="c">2008</subfield>
  </datafield>
  <datafield tag="300" ind1=" " ind2=" ">
    <subfield code="a">708p.</subfield>
  </datafield>
  <datafield tag="500" ind1=" " ind2=" ">
    <subfield code="a">P.B</subfield>
  </datafield>
  <datafield tag="942" ind1=" " ind2=" ">
    <subfield code="2">ddc</subfield>
    <subfield code="c">BK</subfield>
    <subfield code="k">628 MAS</subfield>
  </datafield>
  <datafield tag="952" ind1=" " ind2=" ">
    <subfield code="0">0</subfield>
    <subfield code="1">0</subfield>
    <subfield code="2">ddc</subfield>
    <subfield code="4">0</subfield>
    <subfield code="7">0</subfield>
    <subfield code="8">NFIC</subfield>
    <subfield code="a">IESE</subfield>
    <subfield code="b">IESE</subfield>
    <subfield code="c">TEXT</subfield>
    <subfield code="d">2017-05-19</subfield>
    <subfield code="l">0</subfield>
    <subfield code="o">628 MAS</subfield>
    <subfield code="p">IESE-1804</subfield>
    <subfield code="r">2017-05-19</subfield>
    <subfield code="w">2017-05-19</subfield>
    <subfield code="y">BK</subfield>
  </datafield>
  <datafield tag="952" ind1=" " ind2=" ">
    <subfield code="0">0</subfield>
    <subfield code="1">0</subfield>
    <subfield code="2">ddc</subfield>
    <subfield code="4">0</subfield>
    <subfield code="7">0</subfield>
    <subfield code="8">NFIC</subfield>
    <subfield code="a">IESE</subfield>
    <subfield code="b">IESE</subfield>
    <subfield code="c">TEXT</subfield>
    <subfield code="d">2017-12-21</subfield>
    <subfield code="l">1</subfield>
    <subfield code="o">628 MAS</subfield>
    <subfield code="p">IESE-1793</subfield>
    <subfield code="r">2022-10-05</subfield>
    <subfield code="s">2022-10-05</subfield>
    <subfield code="w">2017-12-21</subfield>
    <subfield code="y">TEXT</subfield>
  </datafield>
  <datafield tag="952" ind1=" " ind2=" ">
    <subfield code="0">0</subfield>
    <subfield code="1">0</subfield>
    <subfield code="2">ddc</subfield>
    <subfield code="4">0</subfield>
    <subfield code="7">0</subfield>
    <subfield code="8">NFIC</subfield>
    <subfield code="a">IESE</subfield>
    <subfield code="b">IESE</subfield>
    <subfield code="c">TEXT</subfield>
    <subfield code="d">2017-12-21</subfield>
    <subfield code="l">0</subfield>
    <subfield code="o">628 MAS</subfield>
    <subfield code="p">IESE-1942</subfield>
    <subfield code="r">2017-12-21</subfield>
    <subfield code="w">2017-12-21</subfield>
    <subfield code="y">TEXT</subfield>
  </datafield>
  <datafield tag="952" ind1=" " ind2=" ">
    <subfield code="0">0</subfield>
    <subfield code="1">0</subfield>
    <subfield code="2">ddc</subfield>
    <subfield code="4">0</subfield>
    <subfield code="7">0</subfield>
    <subfield code="8">NFIC</subfield>
    <subfield code="a">IESE</subfield>
    <subfield code="b">IESE</subfield>
    <subfield code="c">TEXT</subfield>
    <subfield code="d">2017-12-21</subfield>
    <subfield code="l">1</subfield>
    <subfield code="o">628 MAS</subfield>
    <subfield code="p">IESE-1943</subfield>
    <subfield code="r">2023-10-10</subfield>
    <subfield code="s">2022-10-03</subfield>
    <subfield code="w">2017-12-21</subfield>
    <subfield code="y">TEXT</subfield>
  </datafield>
  <datafield tag="952" ind1=" " ind2=" ">
    <subfield code="0">0</subfield>
    <subfield code="1">0</subfield>
    <subfield code="2">ddc</subfield>
    <subfield code="4">0</subfield>
    <subfield code="7">0</subfield>
    <subfield code="8">NFIC</subfield>
    <subfield code="a">IESE</subfield>
    <subfield code="b">IESE</subfield>
    <subfield code="c">TEXT</subfield>
    <subfield code="d">2017-12-21</subfield>
    <subfield code="l">0</subfield>
    <subfield code="o">628 MAS</subfield>
    <subfield code="p">IESE-1944</subfield>
    <subfield code="r">2017-12-21</subfield>
    <subfield code="w">2017-12-21</subfield>
    <subfield code="y">TEXT</subfield>
  </datafield>
  <datafield tag="952" ind1=" " ind2=" ">
    <subfield code="0">0</subfield>
    <subfield code="1">0</subfield>
    <subfield code="2">ddc</subfield>
    <subfield code="4">0</subfield>
    <subfield code="7">0</subfield>
    <subfield code="8">NFIC</subfield>
    <subfield code="a">IESE</subfield>
    <subfield code="b">IESE</subfield>
    <subfield code="c">TEXT</subfield>
    <subfield code="d">2017-12-21</subfield>
    <subfield code="l">0</subfield>
    <subfield code="o">628 MAS</subfield>
    <subfield code="p">IESE-1945</subfield>
    <subfield code="r">2017-12-21</subfield>
    <subfield code="w">2017-12-21</subfield>
    <subfield code="y">TEXT</subfield>
  </datafield>
  <datafield tag="952" ind1=" " ind2=" ">
    <subfield code="0">0</subfield>
    <subfield code="1">0</subfield>
    <subfield code="2">ddc</subfield>
    <subfield code="4">0</subfield>
    <subfield code="7">0</subfield>
    <subfield code="8">NFIC</subfield>
    <subfield code="a">IESE</subfield>
    <subfield code="b">IESE</subfield>
    <subfield code="c">TEXT</subfield>
    <subfield code="d">2017-12-21</subfield>
    <subfield code="l">1</subfield>
    <subfield code="o">628 MAS</subfield>
    <subfield code="p">IESE-1946</subfield>
    <subfield code="r">2023-01-31</subfield>
    <subfield code="s">2022-10-05</subfield>
    <subfield code="w">2017-12-21</subfield>
    <subfield code="y">TEXT</subfield>
  </datafield>
</record>
